000 01283nam a22003737a 4500
003 CHAP
005 20220817041025.0
008 971013s1991 r 10010 d
010 _a4824
011 _a5796
035 _a5012
040 _cCHAP
082 _a633.34
_bS4
111 0 0 _aSeminario sobre Mejoramiento Genético de Soja (
_d1988
_c: Marcos Juárez, Córdoba)
_9104324
245 _aTrabajos
260 _aMontevideo :
_bInstituto Interamericano de Cooperación para la Agricultura,
_c1991
300 _a78 p.
490 _aDiálogo/IICA-PROCISUR
_v; 31
500 _a54-207
590 _aBATCH-UPD
_b10
_c20130110
_lUCH01
_h0211
590 _aBATCH-UPD
_b10
_c20130110
_lUCH01
_h1604
590 _aBATCH-UPD
_b10
_c20130410
_lUCH01
_h1001
590 _aBATCH-UPD
_b10
_c20130914
_lUCH01
_h1947
590 _aCONVERSION
_b10
_c20130109
_lUCH01
_h1304
650 1 4 _aSoya
_xGenética.
_9109054
650 1 4 _aSoya
_xMejoramiento.
_9109069
650 1 4 _aSoya
_xRendimiento.
_9109084
700 0 _aPuignau, Juan P.
_992961
710 0 _aPrograma Cooperativo para el Desarrollo Tecnológico Agropecuario del Cono Sur.
830 0 _aDiálogo/IICA-PROCISUR
_v; 31
_932637
901 _aBK
942 _cLIBRO
949 _a633.34 S4
_bBC
_cLIBRO
_d33724000217303
_eLIBRO
_h81633
_i5012
_si
999 _c4824
_d4824